Information literacy skills and social media literacy skills/ (Record no. 190453)
[ view plain ]
| 000 -LEADER | |
|---|---|
| fixed length control field | 00589nam a22001937a 4500 |
| 005 - DATE AND TIME OF LATEST TRANSACTION | |
| control field | 20220726120735.0 |
| 010 ## - LCCN (DPL NO) | |
| LC control number | ENG-133962 |
| 020 ## - INTERNATIONAL STANDARD BOOK NUMBER | |
| International Standard Book Number | 9789391373566 |
| Terms of availability | 450.00 |
| 035 ## - SYSTEM CONTROL NUMBER | |
| System control number | EN-117494 |
| 037 ## - SOURCE OF ACQUISITION | |
| Source of stock number/acquisition | DBAD/PUB |
| 082 ## - DEWEY DECIMAL CLASSIFICATION NUMBER | |
| Classification number | 028.7 |
| 100 ## - MAIN ENTRY--PERSONAL NAME | |
| Personal name | Ramasamy,K. |
| 245 ## - TITLE STATEMENT | |
| Title | Information literacy skills and social media literacy skills/ |
| Statement of responsibility, etc | K. Ramasamy |
| 250 ## - EDITION STATEMENT | |
| Edition statement | I |
| 260 ## - PUBLICATION, DISTRIBUTION, ETC. (IMPRINT) | |
| Place of publication, distribution, etc | Madurai |
| Name of publisher, distributor, etc | Shanlax publications |
| Date of publication, distribution, etc | 2021 |
| 270 ## - ADDRESS | |
| Address | 61,66 T.P.K. main road, Vasantha nagar |
| City | Madurai |
| Postal code | 625003 |
| 300 ## - PHYSICAL DESCRIPTION | |
| Extent | 293p. |
| Dimensions | 24cm(pbk) |
| Other physical details | Bibliography |
| 942 ## - ADDED ENTRY ELEMENTS (KOHA) | |
| Source of classification or shelving scheme | Dewey Decimal Classification |
| Item type | English Books |
| Classification part | 028.7 |
| Call number suffix | RAM |
| Withdrawn status | Lost status | Not for loan | Collection code | Home library | Current library | Date acquired | Source of acquisition | Cost, normal purchase price | Full call number | Barcode | Copy number | Cost, replacement price | Koha item type |
|---|---|---|---|---|---|---|---|---|---|---|---|---|---|
| Non-fiction | Bawana | Bawana | 26/07/2022 | DBAD/PUB | 450.00 | 028.7 RAM | EN-117494 | 1 | 450.00 | English Books |
